[Event "2023 South West Open"]
[Site "Margaret River AUS"]
[Date "2023.07.29"]
[Round "3.2"]
[White "Andador,Dominador"]
[Black "Holland,Dennis"]
[Result "1/2-1/2"]
[BlackElo "2101"]
[BlackFideId "3206491"]
[EventDate "2023.07.29"]
[PlyCount "0"]
[WhiteElo "1819"]
[WhiteFideId "3239080"]

1. d4 d5 2. Bf4 Bf5 3. Nf3 Nf6 4. e3 e6 5. Nbd2 c6 6. Ne5 Nbd7 7. Be2 Nxe5 8.
dxe5 Ne4 9. h4 h6 10. f3 Nxd2 11. Qxd2 Be7 12. Bg3 Qb6 13. c3 Bc5 14. Bf2 Qc7
15. g4 Bg6 16. Bg3 f6 17. Bd3 Bxd3 18. Qxd3 fxe5 19. Qg6+ Qf7 20. Qxf7+ Kxf7
21. Bxe5 Bxe3 22. Ke2 Bc5 23. f4 Rhf8 24. Rh3 Be7 25. g5 h5 26. Kd3 c5 27. Re1
Rfe8 28. Rhe3 g6 29. a4 Rac8 30. c4 d4 31. Re4 Rc6 32. Rd1 Rb6 33. Kc2 Rc8 34.
Rd3 Rcc6 35. Bb8 Rc8 36. Be5 Rcc6 37. Bb8 Bd6 38. Bxd6 Rxd6 39. Re5 Rbc6 40.
Rb3 b6 41. Kd3 { Draw agreed.}   1/2-1/2

[Event "2023 South West Open"]
[Site "Margaret River AUS"]
[Date "2023.07.29"]
[Round "3.3"]
[White "Ellis,David"]
[Black "Butcher,Robert"]
[Result "1-0"]
[BlackElo "1798"]
[BlackFideId "0"]
[EventDate "2023.07.29"]
[PlyCount "0"]
[WhiteElo "2046"]
[WhiteFideId "3205568"]

1. Nf3 e6 2. b3 f5 3. Bb2 Nf6 4. g3 d5 5. Bg2 Bd6 6. c4 c6 7. O-O O-O 8. Qc2 Bd7
9. d3 Qe7 10. Nbd2 Be8 11. e4 fxe4 12. dxe4 dxe4 13. Nxe4 Nxe4 14. Qxe4 Bg6 15.
Qe3 Nd7 16. Rfe1 Rae8 17. Rad1 Bc5 18. Rxd7 Qxd7 19. Qxc5 Rxf3 20. Bxf3 Qd2 21.
Qe5 Re7 22. Rd1 Qb4 23. Rd8+ $155  1-0

[Event "2023 South West Open"]
[Site "Margaret River AUS"]
[Date "2023.07.29"]
[Round "3.4"]
[White "Caden,Matt"]
[Black "Vlietstra,Marc"]
[Result "0-1"]
[BlackElo "1980"]
[BlackFideId "3203433"]
[EventDate "2023.07.29"]
[PlyCount "0"]
[WhiteElo "1525"]
[WhiteFideId "0"]

1. e4 c5 2. d4 cxd4 3. c3 d5 4. Qxd4 dxe4 5. Qxe4 Nf6 6. Qc2 e6 7. Nf3 Nc6 8.
Bb5 Bd7 9. O-O Qc7 10. Bg5 Be7 11. Nbd2 a6 12. Bd3 h6 13. Bh4 Rc8 14. Rac1 O-O
15. Ne4 Nxe4 16. Bxe7 Nxe7 17. Bxe4 Bc6 18. Bxc6 Nxc6 19. Qe4 Rfd8 20. h3 Qa5
21. a3 Qd5 22. Qxd5 Rxd5 23. Rfd1 Rcd8 24. Rxd5 Rxd5 25. Kf1 Kf8 26. Ke2 Ne5
27. Nxe5 Rxe5+ 28. Kf3 Ke7 29. Rd1 f5 30. b4 Re4 31. g3 Rc4 32. Rd3 e5 33. Ke2
e4 34. Re3 Ke6 35. f3 Ke5 36. fxe4 Rxe4 37. Kd3 Rxe3+ 38. Kxe3 b5 39. Kd3 Kd5
40. h4 g5 41. h5 g4 42. Ke3 Ke5 43. c4 bxc4 44. a4 f4+ 45. gxf4+ Kd6 46. f5 g3
47. f6 g2 48. Kf2 g1=Q+ 49. Kxg1 c3  0-1

[Event "2023 South West Open"]
[Site "Margaret River AUS"]
[Date "2023.07.29"]
[Round "3.5"]
[White "Moseley,Paul"]
[Black "Clarke,Daniel"]
[Result "0-1"]
[BlackElo "1902"]
[BlackFideId "3247570"]
[EventDate "2023.07.29"]
[PlyCount "0"]
[WhiteElo "1516"]
[WhiteFideId "3250911"]

1. d4 Nf6 2. Nf3 e6 3. e3 d5 4. Bd3 c5 5. b3 Bd6 6. Nbd2 Nc6 7. a3 e5 8. dxe5
Nxe5 9. Be2 O-O 10. Bb2 Nxf3+ 11. Nxf3 Ne4 12. O-O b6 13. c4 Bb7 14. Qd3 dxc4
15. bxc4 Be7 16. Rad1 Bf6 17. Be5 Qe7 18. Bd6 Nxd6 19. Qxd6 Qxd6 20. Rxd6 Rad8
21. Rfd1 Rxd6 22. Rxd6 Rd8 23. Rxd8+ Bxd8 24. Ne5 Bf6 25. f4 Bxe5 26. fxe5 Kf8
27. Bf3 Ba6 28. Be2 Ke7 29. Kf2 Ke6 30. Kf3 Kxe5 31. g3 Bb7+ 32. Kg4 Bc6 33. h4
a6 34. h5 h6 35. Bd1 b5 36. Bb3 b4 37. a4 Ke4  0-1

[Event "2023 South West Open"]
[Site "Margaret River AUS"]
[Date "2023.07.29"]
[Round "3.6"]
[White "Hare,Tim"]
[Black "Mazza,Stephen"]
[Result "1-0"]
[BlackElo "1450"]
[BlackFideId "0"]
[EventDate "2023.07.29"]
[PlyCount "0"]
[WhiteElo "2275"]
[WhiteFideId "4300629"]

1. Nf3 Nf6 2. g3 e6 3. Bg2 d5 4. d3 Be7 5. Nbd2 O-O 6. O-O c5 7. e4 dxe4 8. dxe4
Nc6 9. c3 b6 10. Qa4 Bb7 11. Re1 e5 12. Nf1 Qc7 13. Bg5 Rfe8 14. Rad1 h6 15.
Bc1 Rad8 16. Ne3 Bc8 17. Nd5 Nxd5 18. exd5 Nb8 19. Nxe5 Nd7 20. Nc6 Nf6 21.
Nxd8 Rxd8 22. Bf4 Bd6 23. Bxd6 Rxd6 24. h3 Bd7 25. Qf4 Bc8 26. Re5 Qd7 27. c4
Qa4 28. Rde1 Rd8 29. Re7 Qxa2 30. Qc7 Rf8 31. Qxa7 Qxb2 32. Qa1 Qb4 33. Bf1 Qd2
34. R7e3 Bb7 35. R1e2 Qa5 36. Qxa5 bxa5 37. Ra2 Ra8 38. Rea3 Re8 39. Rxa5 Re1
40. Ra7 Bc8 41. Ra8 Re8 42. Re2 Kf8 43. Rxe8+  1-0

[Event "2023 South West Open"]
[Site "Margaret River AUS"]
[Date "2023.07.29"]
[Round "3.7"]
[White "Smith,Doug"]
[Black "O'Mahoney,Keegan"]
[Result "0-1"]
[BlackElo "2193"]
[BlackFideId "2506190"]
[EventDate "2023.07.29"]
[PlyCount "0"]
[WhiteElo "1439"]
[WhiteFideId "0"]

1. e4 c5 2. Bc4 e6 3. Nc3 a6 4. a3 b5 5. Ba2 Bb7 6. d3 Nf6 7. Nf3 d5 8. e5 Nfd7
9. Bf4 Nc6 10. Nb1 Qc7 11. Qe2 d4 12. Nbd2 h6 13. O-O g5 14. Bg3 Bg7 15. Rae1
Ne7 16. h3 Ng6 17. Bb3 Qc6 18. Qe4 Qc7 19. Qe2 Ke7 20. a4 Qc6 21. axb5 axb5 22.
Qe4 Qc7 23. Qe2 Rhc8 24. Kh1 Qc6 25. Qe4 Qxe4 26. dxe4 c4 27. Bxc4 bxc4 28.
Nxd4 Bxe5 29. Bxe5 Ndxe5 30. b3 Ba6 31. bxc4 Nxc4 32. Nxc4 Rxc4 33. Nf5+ exf5
34. exf5+ Kf6 35. fxg6 Rxc2 36. Rg1 Kxg6 37. f3 Bb7 38. Rb1 Bc6 39. Rb6 Kg7 40.
Rb4 Raa2 41. Rg4 Bxf3 42. Rg3 Bxg2+ 43. R3xg2 Rxg2 44. Rxg2 Rxg2 45. Kxg2 f5 
0-1

[Event "2023 South West Open"]
[Site "Margaret River AUS"]
[Date "2023.07.29"]
[Round "3.8"]
[White "Davoll,Josh"]
[Black "Kerr,Carter"]
[Result "0-1"]
[BlackElo "1485"]
[BlackFideId "3261859"]
[EventDate "2023.07.29"]
[PlyCount "0"]
[WhiteElo "1917"]
[WhiteFideId "3228134"]

1. d4 Nf6 2. Nf3 d5 3. e3 Bf5 4. Nh4 Bg6 5. Nxg6 hxg6 6. c4 e6 7. g3 Bb4+ 8. Bd2
Nc6 9. Bg2 Qd7 10. a3 Bxd2+ 11. Nxd2 e5 12. cxd5 Nxd5  0-1

[Event "2023 South West Open"]
[Site "Margaret River AUS"]
[Date "2023.07.29"]
[Round "3.9"]
[White "Fyfe,Andrew"]
[Black "Williams,Joshua"]
[Result "0-1"]
[BlackElo "1406"]
[BlackFideId "0"]
[EventDate "2023.07.29"]
[PlyCount "0"]
[WhiteElo "1849"]
[WhiteFideId "0"]

1. b3 Nc6 2. Bb2 b6 3. e4 e5 4. Bb5 Qf6 5. Nf3 Bd6 6. Bxc6 dxc6 7. O-O Bg4 8. d3
Bxf3 9. Qxf3 Qxf3 10. gxf3 Ne7 11. d4 Ng6 12. Nd2 O-O-O 13. Nc4 f6 14. dxe5
fxe5 15. Rad1 Nh4 16. Rd3 Rhf8 17. Nd2 g5 18. Kh1 Ng6 19. h3 Nf4 20. Re3 Bc5
21. Ree1 Rxd2  0-1

[Event "2023 South West Open"]
[Site "Margaret River AUS"]
[Date "2023.07.29"]
[Round "3.10"]
[White "Molenaar,Michael"]
[Black "Simonds,Marcus"]
[Result "1/2-1/2"]
[BlackElo "1764"]
[BlackFideId "3237575"]
[EventDate "2023.07.29"]
[PlyCount "0"]
[WhiteElo "1476"]
[WhiteFideId "0"]

1. d4 c5 2. d5 e5 3. e4 d6 4. Nc3 g6 5. Nf3 Bg7 6. Be2 Nf6 7. O-O O-O 8. h3 Ne8
9. Nd2 f5 10. exf5 gxf5 11. Nb5 f4 12. Bg4 Bxg4 13. Qxg4 Qd7 14. Qxd7 Nxd7 15.
Ne4 Ndf6 16. Nexd6 Nxd6 17. Nxd6 Rfd8 18. Nf5 Bf8 19. c4 b5 20. b3 bxc4 21.
bxc4 Rab8 22. Ba3 Rb6 23. Rfe1 e4 24. g3 Rdb8 25. Bc1 ( 25. gxf4 Ra6 26. Re3
)25... fxg3 26. Nxg3 Re8 27. Bg5 Bg7 28. Bxf6 Bxf6 29. Rab1 Rxb1 30. Rxb1 e3
31. fxe3 Rxe3 32. Rb3 Re7 33. Kg2 Bd4 { Draw agreed. Computer analysis shows
White has a clear advantage but time situation is not known.}   1/2-1/2

[Event "2023 South West Open"]
[Site "Margaret River AUS"]
[Date "2023.07.29"]
[Round "3.11"]
[White "O'Donnell,Simon"]
[Black "Mueller,Dominik"]
[Result "1/2-1/2"]
[BlackElo "1600"]
[BlackFideId "0"]
[EventDate "2023.07.29"]
[PlyCount "0"]
[WhiteElo "1117"]
[WhiteFideId "0"]

1. e4 c6 2. d4 d5 3. exd5 cxd5 4. Nf3 Bg4 5. Be2 Nf6 6. h3 Bh5 7. Nc3 e6 8. O-O
Bd6 9. Bg5 O-O 10. Nb5 Be7 11. c4 a6 12. Qa4 Nbd7 13. Nc3 h6 14. Bxf6 Nxf6 15.
Ne5 Bxe2 16. Nxe2 dxc4 17. Qxc4 Rc8 18. Qb3 Rc7 19. Rfd1 Qd6 20. Nc3 Rfc8 21.
Rac1 Nd7 22. Nxd7 Qxd7 23. d5 e5 24. Rc2 Bc5 25. Ne4 Bd4 26. Rdc1 Rxc2 27. Rxc2
Rxc2 28. Qxc2 Qxd5 29. Qc8+ Kh7 30. Qf5+ Kg8 { Draw agreed.}  ( 30... g6 31.
Nf6+ Kg7 32. Qxg6+ fxg6 33. Nxd5 Bxb2 { is perhaps more interesting, with an
edge for Black.}  ) 1/2-1/2

[Event "2023 South West Open"]
[Site "Margaret River AUS"]
[Date "2023.07.29"]
[Round "3.12"]
[White "Iwach,Dylan"]
[Black "Cotterill,Graeme"]
[Result "1-0"]
[BlackElo "1222"]
[BlackFideId "0"]
[EventDate "2023.07.29"]
[PlyCount "0"]
[WhiteElo "1581"]
[WhiteFideId "0"]

1. d4 d5 2. Bf4 Nf6 3. e3 e6 4. Bd3 c5 5. c3 Nc6 6. Nf3 b6 7. Nbd2 Bd6 8. Bg3
O-O 9. Ne5 Bb7 10. Ndf3 Ne4 11. Qc2 f5 12. Nxc6 Bxc6 13. Ne5 Bb7 14. f3 Nxg3
15. hxg3 cxd4 16. exd4 Bxe5 17. dxe5 d4 18. g4 g6 19. O-O-O Rc8 20. gxf5 Qg5+
21. Kb1 gxf5 22. Qa4 Qxg2 23. Rdg1 Bxf3 24. Rxg2+ Bxg2 25. Rg1 dxc3 26. Qd7
Rcd8 27. Rxg2+  1-0

[Event "2023 South West Open"]
[Site "Margaret River AUS"]
[Date "2023.07.29"]
[Round "3.14"]
[White "Prince,John"]
[Black "Chakraborty,Ruchira"]
[Result "1-0"]
[BlackElo "1100"]
[BlackFideId "0"]
[EventDate "2023.07.29"]
[PlyCount "0"]
[WhiteElo "1528"]
[WhiteFideId "3266060"]

1. e4 e5 2. Nf3 Nc6 3. Bb5 d6 4. d4 a6 5. Bxc6+ bxc6 6. dxe5 Bg4 7. exd6 cxd6 8.
Qd3 Nf6 9. Bg5 Bxf3 10. Qxf3 Qa5+ 11. Nc3 d5 12. Qf5 Qb4 13. exd5 g6 14. Qf4
Qxf4 15. Bxf4 cxd5 16. Be5 Bg7 17. Bxf6 Bxf6 18. Nxd5 Be5 19. O-O-O O-O 20. f4
Bg7 21. Rhe1 Rab8 22. b3 h5 23. h3 h4 24. Re4 Bh6 25. Nf6+ Kg7 26. Nd7 Rfe8 27.
Rde1 Bxf4+ 28. Kb1 Rxe4 29. Rxe4 Rd8 30. Rxf4 Rxd7 { 41 moves are recorded by
one player but the play is not clear - no further transcribing.}   1-0

[Event "2023 South West Open"]
[Site "Margaret River AUS"]
[Date "2023.07.30"]
[Round "4.1"]
[White "Vlietstra,Marc"]
[Black "Ellis,David"]
[Result "1-0"]
[BlackElo "2046"]
[BlackFideId "3205568"]
[EventDate "2023.07.29"]
[PlyCount "0"]
[WhiteElo "1980"]
[WhiteFideId "3203433"]

1. e4 c6 2. d4 d5 3. c4 dxe4 4. f3 exf3 5. Nxf3 Bg4 6. Be2 Nf6 7. Nc3 e6 8. O-O
Bd6 9. Bg5 Nbd7 10. Ne5 Bxe2 11. Qxe2 Qa5 12. Rae1 O-O 13. Nxd7 Nxd7 14. c5
Rae8 15. Qg4 f5 16. Qh4 Bb8 17. Be7 Rf7 18. Rxe6 Nxc5 19. b4 Nxe6 20. bxa5
Rexe7 21. Rxf5 g5 22. Qf2 Nf4 23. Rxf7 Rxf7 24. Qe3 Bc7 25. Ne4 Re7 26. Qb3+
Kg7 27. Nxg5 Ne2+ 28. Kf1 Nxd4 29. Qd3 Be5 30. Qxh7+ Kf8 31. Qh3  1-0

[Event "2023 South West Open"]
[Site "Margaret River AUS"]
[Date "2023.07.30"]
[Round "4.2"]
[White "Clarke,Daniel"]
[Black "Hardegen,Andrew"]
[Result "0-1"]
[BlackElo "2169"]
[BlackFideId "3204081"]
[EventDate "2023.07.29"]
[PlyCount "0"]
[WhiteElo "1902"]
[WhiteFideId "3247570"]

1. e4 e6 2. Qe2 c5 3. Nf3 Nc6 4. g3 g6 5. Bg2 Bg7 6. O-O Nge7 7. d3 O-O 8. Nc3
Re8 9. Bf4 e5 10. Be3 Nd4 11. Qd2 d6 12. Rfd1 Bg4 13. Bxd4 exd4 14. Ne2 Qd7 15.
Rac1 d5 16. exd5 Nxd5 17. Re1 Qf5 18. Qg5 Qxg5 19. Nxg5 Bh6 20. Bxd5 Bxg5 21.
f4 Bf6 22. Kf2 Re3 { No moves recorded past this point.}   0-1

[Event "2023 South West Open"]
[Site "Margaret River AUS"]
[Date "2023.07.30"]
[Round "4.3"]
[White "McAteer,Ian"]
[Black "Andador,Dominador"]
[Result "0-1"]
[BlackElo "1819"]
[BlackFideId "3239080"]
[EventDate "2023.07.29"]
[PlyCount "0"]
[WhiteElo "1822"]
[WhiteFideId "3230015"]

1. e4 d5 2. exd5 Qxd5 3. Nf3 Bg4 4. Be2 e6 5. Nc3 Qa5 6. d3 Nd7 7. Be3 Ngf6 8.
Nd4 Bxe2 9. Qxe2 Qe5 10. Nf3 Qa5 11. O-O c6 12. a3 Bd6 13. h3 h6 14. Nd2 Qf5
15. Nce4 Bc7 16. b4 Nd5 17. c4 Nf4 18. Bxf4 Qxf4 19. Nf3 Ne5 20. Ng3 Rd8 21.
Nxe5 Bxe5 22. Rad1 O-O 23. Qd2 Qxd2 24. Rxd2 Bc3 25. Rdd1 Rd7 26. Ne4 Bb2 27.
Nc5 Rc7 28. a4 b6 29. Ne4 Rd7 30. Rd2 Bd4 31. Rfd1 f5 32. Ng3 Bc3 33. Rc2 Bxb4
34. Kf1 Rfd8 35. Ke2 Kf7 36. Nf1 e5 37. Rb2 a5 38. Rb3 e4 39. Ne3 f4  0-1

[Event "2023 South West Open"]
[Site "Margaret River AUS"]
[Date "2023.07.30"]
[Round "4.4"]
[White "Holland,Dennis"]
[Black "Hare,Tim"]
[Result "0-1"]
[BlackElo "2275"]
[BlackFideId "4300629"]
[EventDate "2023.07.29"]
[PlyCount "0"]
[WhiteElo "2101"]
[WhiteFideId "3206491"]

1. d4 d6 2. c4 g6 3. Nc3 Bg7 4. e4 c6 5. Be3 Qc7 6. Qd2 h6 7. Bd3 Nd7 8. Nf3
Ngf6 9. h3 e5 10. d5 g5 11. h4 g4 12. Ng1 Nh5 13. Nge2 c5 14. g3 a6 15. a3 Nf8
16. O-O Ng6 17. Kg2 Qe7 18. Rh1 Qf6 19. Ng1 Nhf4+ 20. Bxf4 exf4 21. gxf4 Nxf4+
22. Kg3 Nh5+ 23. Kg2 Qe5 24. Nge2 Bd7 25. b4 b6 26. bxc5 bxc5 27. Rab1 O-O 28.
a4 Rab8 29. a5 Rxb1 30. Rxb1 Qf6 31. Rb7 Bc8 32. Rb6 Qxh4 33. Nd1 Qh3+ 34. Kg1
g3 35. Nxg3 Nxg3  0-1

[Event "2023 South West Open"]
[Site "Margaret River AUS"]
[Date "2023.07.30"]
[Round "4.5"]
[White "O'Mahoney,Keegan"]
[Black "Caden,Matt"]
[Result "0-1"]
[BlackElo "1525"]
[BlackFideId "0"]
[EventDate "2023.07.29"]
[PlyCount "0"]
[WhiteElo "2193"]
[WhiteFideId "2506190"]

1. d4 c6 2. c4 d5 3. Nc3 Nf6 4. cxd5 cxd5 5. f3 Nc6 6. e4 e5 7. dxe5 Nxe5 8. f4
Ng6 9. e5 Ne4 10. Qxd5 Nxc3 11. Qxd8+ Kxd8 12. bxc3 Bc5 13. Bc4 Ke7 14. Nf3 h6
15. Ke2 Bf5 16. Bd5 Rab8 17. Be3 Rhc8 18. Nd4 Bg4+ 19. Bf3 Bd7 20. g3 Bb6 21.
Rhc1 Rc7 22. Rab1 Rcc8 23. Be4 Kf8 24. e6 Be8 25. Bf5 Rc5 26. exf7 Kxf7 27. Bd3
Ra5 28. Rb2 Rh5 29. h3 Rxh3 30. Kf3 Rh5 31. Nc2 Bc6+ 32. Kg4 Bxe3 33. Nxe3 Rc5
34. Be2 h5+ 35. Kh3 { Score sheets are not clear but end here.}   0-1

[Event "2023 South West Open"]
[Site "Margaret River AUS"]
[Date "2023.07.30"]
[Round "4.7"]
[White "Kerr,Carter"]
[Black "Iwach,Dylan"]
[Result "1-0"]
[BlackElo "1581"]
[BlackFideId "0"]
[EventDate "2023.07.29"]
[PlyCount "0"]
[WhiteElo "1485"]
[WhiteFideId "3261859"]

1. e4 e6 2. Nf3 d5 3. exd5 exd5 4. Nc3 Nf6 5. d4 Bd6 6. Bg5 c6 7. Bd3 O-O 8. O-O
Be6 9. Ne2 Nbd7 10. Ng3 Re8 11. Re1 Nf8 12. Nf5 Be7 13. Qd2 Ne4 14. Nxe7+ Rxe7
15. Bxe4 f6 16. Bd3 fxg5 17. Qxg5 Qd6 18. Nh4 Rae8 19. Re3 Qb4 20. Rae1 Qxb2
21. Nf5 Rf7 22. Nh6+ Kh8 23. Nxf7+  1-0

[Event "2023 South West Open"]
[Site "Margaret River AUS"]
[Date "2023.07.30"]
[Round "4.8"]
[White "Kerr,Lennon"]
[Black "Wu,Kobe"]
[Result "1/2-1/2"]
[BlackElo "1523"]
[BlackFideId "3257355"]
[EventDate "2023.07.29"]
[PlyCount "0"]
[WhiteElo "1576"]
[WhiteFideId "3261735"]

1. e4 e5 2. Nf3 Nc6 3. Bb5 a6 4. Ba4 b5 5. Bb3 Nf6 6. O-O Be7 7. Re1 O-O 8. c3
d5 9. exd5 Nxd5 10. Nxe5 Nxe5 11. Rxe5 c6 12. d4 Bd6 13. Re1 Qh4 14. g3 Qh3 15.
Qf3 Bg4 16. Qg2 Rfe8 17. Be3 Qxg2+ 18. Kxg2 Re7 19. Bxd5 cxd5 20. Nd2 Rae8 21.
a4 b4 22. Nf1 f5 23. Bd2 Rxe1 24. Rxe1 Rxe1 25. Bxe1 bxc3 26. Bxc3 Bd1 27. a5
Bb3 28. Nd2 Ba4 29. f4 Kf7 30. Nf3 Kf6 31. Kf2 h6 32. h4 Ke6 33. Ne5 Kf6 34.
Ke3 Ke6 35. Nd3 Bb5 36. b4 Kf6 37. Ne5 h5 38. Nd3 g6 39. Ne5 Kg7 40. Nf3 Kf6
41. Nd2 Ke7 42. Nb1 Kd7 43. Nd2 Ke7 44. Nf3 Kf6 45. Bb2 Be7 46. Ba3 Bd6 47. Nd2
Ke7 48. Nb1 Kd7 49. Nc3 Kc6 50. Kf3 Be7 51. Kg2 Bd6  1/2-1/2

[Event "2023 South West Open"]
[Site "Margaret River AUS"]
[Date "2023.07.30"]
[Round "4.9"]
[White "Williams,Joshua"]
[Black "Prince,John"]
[Result "0-1"]
[BlackElo "1528"]
[BlackFideId "3266060"]
[EventDate "2023.07.29"]
[PlyCount "0"]
[WhiteElo "1406"]
[WhiteFideId "0"]

1. d4 Nf6 2. Nc3 d5 3. Bg5 Bf5 4. e3 e6 5. Nf3 Be7 6. Bd3 Ne4 7. Bxe7 Qxe7 8.
O-O O-O 9. Ne2 Nd7 10. Nf4 Bg4 11. b3 Bxf3 12. Qxf3 Ndf6 13. c4 Nd2 14. Qg3
Nxf1 15. Rxf1 Ne4 16. Qh3 Ng5 17. Qh4 Nf3+ 18. gxf3 Qxh4 19. cxd5 exd5 20. Kh1
Rad8 21. Ng2 Qh3 22. Be2 Rd6 23. Rg1 Rh6  0-1

[Event "2023 South West Open"]
[Site "Margaret River AUS"]
[Date "2023.07.30"]
[Round "4.10"]
[White "Simonds,Marcus"]
[Black "Moseley,Paul"]
[Result "0-1"]
[BlackElo "1516"]
[BlackFideId "3250911"]
[EventDate "2023.07.29"]
[PlyCount "0"]
[WhiteElo "1764"]
[WhiteFideId "3237575"]

1. d4 b6 2. e4 Bb7 3. Nc3 e6 4. Nf3 Bb4 5. Bd3 Nf6 6. Qe2 O-O 7. Bd2 c5 8. a3
Bxc3 9. bxc3 d5 10. e5 Ne4 11. Bxe4 dxe4 12. Ng5 cxd4 13. Nxe4 Qd5 14. f3 Qxe5
15. cxd4 Qxd4 16. Bc3 Qd8 17. Rd1 Qc7 18. Qe3 Bxe4 19. fxe4 Nc6 20. O-O Rfd8
21. Rd3 Ne5 22. Bxe5 Qxe5 23. Rfd1 Rxd3 24. Qxd3 g6 25. c3 Qc5+ 26. Qd4 Qxa3
27. h4 Qe7 28. h5 Qc5 29. hxg6 Rd8 30. gxh7+ Kxh7  0-1

[Event "2023 South West Open"]
[Site "Margaret River AUS"]
[Date "2023.07.30"]
[Round "4.11"]
[White "O'Donnell,Simon"]
[Black "Molenaar,Michael"]
[Result "0-1"]
[BlackElo "1476"]
[BlackFideId "0"]
[EventDate "2023.07.29"]
[PlyCount "0"]
[WhiteElo "1117"]
[WhiteFideId "0"]

1. e4 c5 2. Nf3 d6 3. Bb5+ Bd7 4. Bxd7+ Nxd7 5. c3 Ngf6 6. Qe2 g6 7. d4 cxd4 8.
cxd4 Bg7 9. O-O O-O 10. Nc3 a6 11. Bf4 Nh5 12. Qe3 Nxf4 13. Qxf4 Rc8 14. e5
dxe5 15. dxe5 Qa5 16. Qd4 Nxe5 17. Nxe5 Bxe5 18. Qe3 Bxc3 19. bxc3 Qc5 20. Qxc5
Rxc5 21. Rac1 Rfc8 22. Rfe1 Rxc3 23. Rxc3 Rxc3 24. h4 Kf8 25. Kf1 Ra3 26. Ra1
h5 27. Ke2 e6 28. Kd2 Ke7 29. Kc2 f6 30. Kb2 Ra4 31. g3 Re4 32. Rf1 Re2+ 33.
Kb3 g5 34. a4 b6 35. f4 g4 36. Rc1 Re3+ 37. Rc3 Rxc3+ 38. Kxc3 Kd6 39. Kd4 e5+
40. fxe5+ fxe5+ 41. Ke4 Ke6 42. Ke3 b5 43. axb5 axb5  0-1

[Event "2023 South West Open"]
[Site "Margaret River AUS"]
[Date "2023.07.30"]
[Round "4.12"]
[White "Chakraborty,Ruchira"]
[Black "Davoll,Josh"]
[Result "0-1"]
[BlackElo "1917"]
[BlackFideId "3228134"]
[EventDate "2023.07.29"]
[PlyCount "0"]
[WhiteElo "1100"]
[WhiteFideId "0"]

1. e4 c5 2. Nf3 d6 3. Bc4 Nc6 4. d3 Nf6 5. O-O Bg4 6. h3 Bh5 7. c3 e6 8. Bg5 Be7
9. Bxf6 Bxf6 10. Nbd2 O-O 11. Qb3 Na5 12. Qa4 a6 13. Qc2 Nxc4 14. dxc4 Qc7 15.
Rfe1 Rfb8 16. b4 cxb4 17. Rad1 bxc3 18. e5 cxd2 19. exd6 dxe1=Q+ 20. Nxe1 Bxd1
21. Qd3 Rd8 22. dxc7 Rxd3 23. Nxd3 Rc8 24. g4 Rxc7 25. Kg2 Rxc4 26. g5 Bxg5 27.
Nb2 Rc1 28. Nd3 b5 29. Nxc1 Bxc1  0-1

[Event "2023 South West Open"]
[Site "Margaret River AUS"]
[Date "2023.07.30"]
[Round "4.13"]
[White "Davey,Matthew"]
[Black "Fyfe,Andrew"]
[Result "0-1"]
[BlackElo "1849"]
[BlackFideId "0"]
[EventDate "2023.07.29"]
[PlyCount "0"]
[WhiteElo "1050"]
[WhiteFideId "0"]

1. d4 c5 2. Bf4 cxd4 3. Qxd4 Nc6 4. Qd2 e6 5. e3 Nf6 6. Nf3 d5 7. Nc3 Nh5 8. g3
Nxf4 9. gxf4 g6 10. O-O-O Bg7 11. Bb5 Bd7 12. Bxc6 Bxc6 13. h4 d4 14. Nxd4 Bxh1
15. Rxh1 h5 16. Ndb5 Qxd2+ 17. Kxd2 Rd8+ 18. Ke2 Bxc3 19. Nxc3 Rc8 20. Rd1 Ke7
21. a4 Rhd8 22. b4 Rxc3 23. Rxd8 Kxd8 24. Kd2 Ra3 25. a5 Ra1 26. Kc3 Rh1 27.
Kc4 Kc7 28. Kb5 a6+ 29. Kc5 Rxh4 30. Kd4 Rh2 31. Ke5 Rxf2 32. Kf6 h4  0-1

[Event "2023 South West Open"]
[Site "Margaret River AUS"]
[Date "2023.07.30"]
[Round "4.17"]
[White "Benson,Dave"]
[Black "Donaldson,Gary"]
[Result "0-1"]
[BlackElo "1632"]
[BlackFideId "3218570"]
[EventDate "2023.07.29"]
[PlyCount "0"]
[WhiteElo "877"]
[WhiteFideId "0"]

1. e4 e6 2. Nf3 b6 3. Bc4 Bb7 4. Nc3 Bb4 5. Ne5 Nc6 6. d4 Nxe5 7. dxe5 Bxe4 8.
O-O Bg6 9. Nb5 a6 10. Qf3 axb5 11. Bxb5 c6 12. Be2 Bxc2 13. a3 Bf8 14. Be3 Ne7
15. Bg5 Qc7 16. Qc3 Be4 17. Rad1 Nd5 18. Qd4 Bc5 19. Qxe4 h6 20. Bh4 b5 21. b4
Bb6 22. Qg4 Qxe5 23. Bf3 Qf5 24. Qxg7 Qh7 25. Qe5 Bc7 26. Qd4 Bd6 27. Bxd5 cxd5
28. Qb6 Be7 29. Bg3 O-O 30. Bd6 Bxd6 31. Qxd6 Rxa3 32. f3 Qg7 33. Qf4 Rfa8 34.
Qc7 f6 35. Qd6 Kh8 36. Qc5 Ra2 37. Qxb5 Qxg2#  0-1

[Event "2023 South West Open"]
[Site "Margaret River AUS"]
[Date "2023.07.30"]
[Round "4.18"]
[White "Hurst,Ashton"]
[Black "Miller,Allan"]
[Result "1-0"]
[BlackElo "1100"]
[BlackFideId "0"]
[EventDate "2023.07.29"]
[PlyCount "0"]
[WhiteElo "672"]
[WhiteFideId "0"]

1. e4 c5 2. Nf3 Nc6 3. Bc4 e6 4. Nc3 d6 5. d3 Nd4 6. Be3 Nxf3+ 7. Qxf3 Qf6 8.
Qe2 Qd8 9. Bb5+ Bd7 10. d4 a6 11. Bd3 b5 12. Nxb5 axb5 13. Bxb5 cxd4 14. Bxd4
e5 15. Bc3 Nf6 16. f3 Be7 17. O-O-O O-O 18. Bc4 Bc6 19. Kb1 Qd7 20. Rhe1 Qb7
21. g4 Bxe4 22. fxe4 g5 23. h4 gxh4 24. g5 Nd7 25. Bd5 Qa6 26. Bxa8 Qxe2 27.
Rxe2 Rxa8 28. Bxe5 Nxe5 29. Rh2 Bxg5 30. Rg1 Nf3 31. Rhg2 h6 32. Rd1 Rd8 33. a4
Kf8 34. b4 Ne5 35. b5 Nc4 36. Ka2 Ne3 37. Rb1 Nxg2 38. b6 h3 39. b7 Rb8 40. a5
h2 41. a6 Ne3 ( { An incredible blunder ... } 41... Be3 { ... and Black is
completely winning!} )42. a7 h1=Q 43. Rxh1 Rxb7 44. a8=Q+ Kg7 45. Qxb7 Nxc2 46.
Rd1 Bf4 47. Qb2+ f6 48. Qxc2 h5 49. Qg2+ Kh6 50. Rxd6 Bxd6 51. Qd2+ Kg6 52.
Qxd6 h4 53. e5 h3 54. Qxf6+ Kh5 55. Qf3+  1-0

[Event "2023 South West Open"]
[Site "Margaret River AUS"]
[Date "2023.07.30"]
[Round "5.1"]
[White "Andador,Dominador"]
[Black "Vlietstra,Marc"]
[Result "0-1"]
[BlackElo "1980"]
[BlackFideId "3203433"]
[EventDate "2023.07.29"]
[PlyCount "0"]
[WhiteElo "1819"]
[WhiteFideId "3239080"]

1. d4 Nf6 2. Bf4 e6 3. e3 c5 4. Nd2 Nc6 5. c3 Be7 6. Bd3 d6 7. Bg3 e5 8. dxc5 d5
9. b4 e4 10. Bc2 Ng4 11. Nb3 Bh4 12. Qd2 Be6 13. Nd4 O-O 14. Nxc6 bxc6 15. Ne2
a5 16. Nd4 axb4 17. cxb4 Bd7 18. Bd1 Qg5 19. Bxg4 Qxg4 20. Qe2 Bf6 21. Qxg4
Bxg4 22. O-O ( 22. a4 { and White's small edge continues.} )22... Bxd4 23. exd4
Ra3 24. h3 Be2 25. Rfe1 Bc4 26. Re3 Rfa8 27. Bc7 Rxa2 28. Rae1 Rd2 29. f3 f5
30. fxe4 dxe4 31. Be5 g6 32. g4 Kf7 33. Rg3 Be6 34. Kf1 Raa2 { White had fallen
below 5 minutes at move 31 and, although Black's edge is not yet decisive,
could not hold this position.}   0-1